01242cam a2200313 4500999001700000001000800017003000400025005001700029008004100046010001700087040001800104050001800122082001000140110002600150245007700176250002900253260004000282300005100322500004500373500004000418500004100458500009300499600003400592600005700626700004000683906004500723942003500768952012500803 c25941d259411726800OSt20170201152647.0730212s1972 ohua c 001 0 eng  a 73152939  aDLCcDLCdDLC00aND813.D3bS3400a759.62 aSalvador Dali Museum.10aSalvador Dalí: catalog of a collection;bninety-three oils, 1917-1970. a[1st deluxe limited ed.] aCleveland (Beachwood), Ohioc[1972] a226, xxxvi p.billus. (part col.)c27 x 32 cm. aOn cover: Salvador Dalí: a collection. a"Written ... by A. Reynolds Morse." aFive hundred copies printed. No. 44. a"The paintings in this catalog are in the Collection of Mr. and Mrs. A. Reynolds Morse."10aDalí, Salvador,d1904-1989.10aMorse, Albert Reynolds,d1914-2000xArt collections.1 aMorse, Albert Reynolds,d1914-2000. a7bcbccorignewd2encipf19gy-gencatlg 2lcccBOOKShND 813 .D3S34 1972 00102lcc4070aMUCbMUCcTECHd2017-02-01eDonation (BFA)l0oND 813 .D3S34 1972p33609r2018-07-06w2017-02-01yBOOKS